Logo CIB grande

EL SINDROME DEL PAJAR: COMO EXTRAER INFORMACION DEL OCEANO DE DATOS (Registro nro. 218284)

Detalles MARC
000 -LEADER
campo de control de longitud fija 00766nam a2200277Ia 4500
005 - FECHA Y HORA DE LA ÚLTIMA TRANSACCIÓN
campo de control 20250425161907.0
008 - DATOS DE LONGITUD FIJA--INFORMACIÓN GENERAL
campo de control de longitud fija 250425s9999 xx 000 0 und d
020 ## - NÚMERO INTERNACIONAL ESTÁNDAR DEL LIBRO
Número Internacional Estándar del Libro 9686635300
041 ## - CÓDIGO DE IDIOMA
Código de lengua del texto/banda sonora o título independiente spa
043 ## - CÓDIGO DE ÁREA GEOGRÁFICA
Código de área geográfica mx
082 ## - NÚMERO DE LA CLASIFICACIÓN DECIMAL DEWEY
Número de clasificación 658.4038
010 ## - NÚMERO DE CONTROL DE LA BIBLIOTECA DEL CONGRESO
Número de control de LC 34047
100 ## - ENTRADA PRINCIPAL--NOMBRE DE PERSONA
Nombre de persona GOLDRATT, ELIYAHU M.
245 #0 - MENCIÓN DEL TÍTULO
Título EL SINDROME DEL PAJAR: COMO EXTRAER INFORMACION DEL OCEANO DE DATOS
250 ## - MENCION DE EDICION
Mención de edición 3A ED.
260 ## - PUBLICACIÓN, DISTRIBUCIÓN, ETC.
Lugar de publicación, distribución, etc. México
Nombre del editor, distribuidor, etc. EDICIONES CASTILLO S.A. DE C.V.
Fecha de publicación, distribución, etc. 1997
260 ## - PUBLICACIÓN, DISTRIBUCIÓN, ETC.
Lugar de publicación, distribución, etc. MONTERREY
300 ## - DESCRIPCIÓN FÍSICA
Extensión 283
500 ## - NOTA GENERAL
Nota general Título Traducido: THE HAYSTACK SYNDROME
650 ## - PUNTO DE ACCESO ADICIONAL DE MATERIA--TÉRMINO DE MATERIA
Término de materia o nombre geográfico como elemento de entrada PROCESOS ESTUARINOS
650 ## - PUNTO DE ACCESO ADICIONAL DE MATERIA--TÉRMINO DE MATERIA
Término de materia o nombre geográfico como elemento de entrada PROGRAMACION
650 ## - PUNTO DE ACCESO ADICIONAL DE MATERIA--TÉRMINO DE MATERIA
Término de materia o nombre geográfico como elemento de entrada SISTEMA DE INFORMACION
650 ## - PUNTO DE ACCESO ADICIONAL DE MATERIA--TÉRMINO DE MATERIA
Término de materia o nombre geográfico como elemento de entrada TOMA DE DECISIONES
700 ## - ENTRADA AGREGADA--NOMBRE PERSONAL
Nombre de persona NICHOLAS A. GIBLER
Término indicativo de función/relación traductor
942 ## - ELEMENTOS DE ENTRADA SECUNDARIOS (KOHA)
Tipo de ítem Koha Libros
Existencias
Estatus retirado Estado de pérdida Estado de daño No para préstamo Biblioteca de origen Biblioteca actual Ubicación en estantería Fecha de adquisición Coste, precio normal de compra Total de préstamos Código de barras Copia número Nota pública Tipo de ítem Koha
        CENTRO DE INFORMACIÓN BIBLIOTECARIA CENTRO DE INFORMACIÓN BIBLIOTECARIA   04/11/2002 26.00   37350 1   Libros
        CENTRO DE INFORMACIÓN BIBLIOTECARIA CENTRO DE INFORMACIÓN BIBLIOTECARIA   06/06/2003 26.00   37351 2   Libros
        CENTRO DE INFORMACIÓN BIBLIOTECARIA CENTRO DE INFORMACIÓN BIBLIOTECARIA   03/04/2003 26.00   37352 3   Libros
        ESCUELA DE NEGOCIOS ESCUELA DE NEGOCIOS   02/04/2001 5.00   CP-00752 4 COMPRA  
        ESCUELA DE NEGOCIOS ESCUELA DE NEGOCIOS   02/04/2001 5.00   CP-00753 5 COMPRA  

Copyright 2025 ESPOL. Todos los derechos reservados.